[Event "Nova Gorica op 28th"]
[Site "Nova Gorica"]
[Date "2024.02.01"]
[Round "8"]
[White "Pirs, Matjaz1"]
[Black "Siraj, Svit"]
[Result "1/2-1/2"]
[WhiteElo "1965"]
[BlackElo "2182"]
[PlyCount "145"]
[EventDate "2024.01.26"]
[EventType "swiss"]
[EventRounds "9"]
[EventCountry "SLO"]
[SourceTitle "CB06_2024"]
[SourceDate "2024.02.07"]
[SourceVersion "1"]
[SourceVersionDate "2024.02.07"]
[SourceQuality "1"]

1. e4 e5 2. Nc3 Nf6 3. Nf3 Nc6 4. d4 exd4 5. Nxd4 Bb4 6. Nxc6 bxc6 7. Bd3 d5 8. exd5 cxd5 9. 0-0 0-0 10. h3 h6 11. Qf3 c6 12. Bf4 Bd6 13. Rfe1 Rb8 14. Rab1 Bb7 15. Ne2 c5 16. Bxd6 Qxd6 17. Qg3 Qc6 18. c3 Ba6 19. Qf3 Bxd3 20. Qxd3 Qb5 21. Qxb5 Rxb5 22. Ng3 a5 23. Re2 Rfb8 24. b3 c4 25. Reb2 Nd7 26. Nf5 Nc5 27. Nd4 R5b6 28. Kf1 g6 29. f3 Kf8 30. Rd1 cxb3 31. axb3 Nxb3 32. Nxb3 a4 33. Rxd5 a3 34. Rc2 Rxb3 35. Ra5 Rb2 36. Re2 R8b3 37. c4 Rc3 38. c5 Rbb3 39. Kf2 Kg7 40. Kg3 g5 41. Ra2 h5 42. c6 Kg6 43. c7 h4+ 44. Kh2 Rb1 45. R5xa3 Rcc1 46. g4 Rxc7 47. Ra6+ f6 48. f4 gxf4 49. Rf2 Rc3 50. g5 Kxg5 51. Ra5+ f5 52. Ra8 Rbb3 53. Rg8+ Kf6 54. Rf8+ Kg7 55. Rxf5 Rxh3+ 56. Kg2 Rbg3+ 57. Kf1 f3 58. Ke1 Kg6 59. Rf8 Kg7 60. Rf5 Rg2 61. Rxg2+ fxg2 62. Rg5+ Kf6 63. Rxg2 Kf5 64. Kf2 Kf4 65. Rg8 Ra3 66. Kg2 Rc3 67. Rf8+ Kg5 68. Rg8+ Kf6 69. Kh2 Kf7 70. Rg4 h3 71. Rg3 Rxg3 72. Kxg3 h2 73. Kxh2 1/2-1/2

[Event "Krapina op 12th"]
[Site "Krapina"]
[Date "2024.01.21"]
[Round "6"]
[White "Siraj, Svit"]
[Black "Mlinaric, Simun"]
[Result "1/2-1/2"]
[WhiteElo "2182"]
[BlackElo "1911"]
[PlyCount "98"]
[EventDate "2024.01.19"]
[EventType "swiss"]
[EventRounds "7"]
[EventCountry "CRO"]
[SourceTitle "CB06_2024"]
[SourceDate "2024.02.07"]
[SourceVersion "1"]
[SourceVersionDate "2024.02.07"]
[SourceQuality "1"]

1. e4 c5 2. Nf3 Nc6 3. Bb5 d6 4. 0-0 Nf6 5. Re1 e5 6. c3 a6 7. Bxc6+ bxc6 8. d4 cxd4 9. cxd4 Bg4 10. dxe5 Bxf3 11. Qxf3 dxe5 12. Qc3 Qc7 13. Bg5 Be7 14. Nd2 0-0 15. Nf3 Rab8 16. a3 Rfe8 17. Rac1 h6 18. Bh4 Nh5 19. Bxe7 Qxe7 20. b4 Rbc8 21. Qc5 Nf4 22. Qxe7 Rxe7 23. Re3 f6 24. g3 Ne6 25. Nd2 Rec7 26. Nc4 c5 27. Nb6 cxb4 28. Rce1 Rb8 29. Nd5 Rc2 30. axb4 Nc7 31. Nxc7 Rxc7 32. Ra3 Rxb4 33. Rxa6 Rcc4 34. Rd1 Rxe4 35. Rd7 Rg4 36. h3 Rg6 37. Ra8+ Kh7 38. Kh2 h5 39. Rf8 Rb2 40. Kg2 Rg5 41. Rxf6 Rb5 42. Re7 Kg8 43. Re8+ Kh7 44. Re7 Kg8 45. Rfe6 Rf5 46. Rg6 Rf7 47. Rxf7 Kxf7 48. Rc6 Rb3 49. Rc5 Kf6 1/2-1/2

[Event "EU-ch U18 rapid"]
[Site "Terme Catez"]
[Date "2023.09.29"]
[Round "8"]
[White "Siraj, Svit"]
[Black "Kristoferitsch, Daniel"]
[Result "0-1"]
[WhiteElo "1913"]
[BlackElo "2128"]
[PlyCount "98"]
[EventDate "2023.09.28"]
[EventType "swiss (rapid)"]
[EventRounds "9"]
[EventCountry "SLO"]
[SourceTitle "EXT 2024"]
[Source "ChessBase"]
[SourceDate "2023.10.10"]
[SourceVersion "1"]
[SourceVersionDate "2023.10.10"]
[SourceQuality "1"]

1. e4 c5 2. Nf3 e6 3. c4 Nc6 4. Nc3 e5 5. Be2 d6 6. 0-0 g6 7. a3 Bg7 8. Rb1 a5 9. d3 Nge7 10. Bd2 0-0 11. Nd5 f5 12. b4 axb4 13. axb4 Nxd5 14. cxd5 Nxb4 15. Bxb4 cxb4 16. Rxb4 Bf6 17. Qb3 Qd7 18. Rc1 Bd8 19. Rbc4 Ba5 20. R4c2 Qd8 21. Nd2 Qb6 22. Qxb6 Bxb6 23. Nc4 Bc5 24. Nxe5 fxe4 25. Rxc5 e3 26. Rxc8 exf2+ 27. Kf1 Raxc8 28. Rxc8 Rxc8 29. Nc4 Rd8 30. Kxf2 Kf7 31. Nb6 Ke7 32. Ke3 Re8 33. Bg4 Kd8+ 34. Kd4 Re7 35. Nc8 Rf7 36. Nxd6 Rf4+ 37. Ke5 Rxg4 38. Nxb7+ Kc7 39. Nc5 Rxg2 40. d6+ Kd8 41. Kd5 Rxh2 42. Nb7+ Kd7 43. Nc5+ Kd8 44. Ne6+ Ke8 45. Ng7+ Kd7 46. d4 Re2 47. Kc5 Rf2 48. Kd5 Rf7 49. Ne6 Rf5+ 0-1

[Event "Portoroz op 14th"]
[Site "Portoroz"]
[Date "2023.07.22"]
[Round "9"]
[White "Slusarczyk, Anna"]
[Black "Siraj, Svit"]
[Result "0-1"]
[WhiteElo "1749"]
[BlackElo "2009"]
[PlyCount "78"]
[EventDate "2023.07.15"]
[EventType "swiss"]
[EventRounds "9"]
[EventCountry "SLO"]
[SourceTitle "CBM 215 Extra"]
[Source "ChessBase"]
[SourceDate "2023.09.30"]
[SourceVersion "1"]
[SourceVersionDate "2023.09.30"]
[SourceQuality "1"]

1. d4 Nf6 2. Nf3 e6 3. a3 d5 4. e3 Bd6 5. b3 Nbd7 6. Bb2 0-0 7. Bd3 Re8 8. Ne5 c5 9. 0-0 Qc7 10. f4 Rb8 11. Rf3 b5 12. Rh3 g6 13. Nxd7 Nxd7 14. dxc5 Bxc5 15. b4 Be7 16. Rxh7 e5 17. Rh3 Bf6 18. Nc3 e4 19. Nxd5 Qc6 20. Bxe4 Rxe4 21. Nxf6+ Nxf6 22. Qd8+ Re8 23. Qxf6 Qxf6 24. Bxf6 Bxh3 25. gxh3 Rxe3 26. Bd4 Re2 27. c3 a6 28. a4 Kf8 29. axb5 axb5 30. Bc5+ Ke8 31. Kf1 Rxh2 32. Re1+ Kd8 33. Re7 Ra8 34. Ra7 Rxa7 35. Bxa7 Rxh3 36. Bd4 Rf3+ 37. Ke2 Rxf4 38. Ke3 Rf1 39. Ke4 Kd7 0-1

[Event "Portoroz op 14th"]
[Site "Portoroz"]
[Date "2023.07.17"]
[Round "4"]
[White "Siraj, Svit"]
[Black "Mencinger, Vojko"]
[Result "0-1"]
[WhiteElo "2009"]
[BlackElo "2327"]
[PlyCount "98"]
[EventDate "2023.07.15"]
[EventType "swiss"]
[EventRounds "9"]
[EventCountry "SLO"]
[SourceTitle "CBM 215 Extra"]
[Source "ChessBase"]
[SourceDate "2023.09.30"]
[SourceVersion "1"]
[SourceVersionDate "2023.09.30"]
[SourceQuality "1"]

1. e4 c5 2. Nf3 Nc6 3. Bb5 g6 4. 0-0 Bg7 5. Re1 Nf6 6. e5 Nd5 7. Nc3 Nc7 8. Bxc6 dxc6 9. Ne4 Ne6 10. d3 0-0 11. Be3 b6 12. Qd2 Re8 13. Bh6 Bh8 14. Neg5 f6 15. Ne4 Qc7 16. Qc3 Qd8 17. Re2 fxe5 18. Rae1 Qd5 19. Qb3 Nd4 20. Nxd4 cxd4 21. Nd2 b5 22. h3 Qxb3 23. axb3 Be6 24. Nf3 Bd5 25. Nxe5 a5 26. Nd7 e6 27. Nb6 Ra6 28. Nxd5 cxd5 29. g4 Kf7 30. Bf4 Rc8 31. Kg2 Bf6 32. Be5 Bxe5 33. Rxe5 Rxc2 34. R1e2 Rxe2 35. Rxe2 Rc6 36. f4 Rc1 37. Rd2 Ke7 38. Kg3 Kd6 39. b4 axb4 40. Kh4 h6 41. Rf2 b3 42. f5 gxf5 43. gxf5 Rc2 44. Rf3 exf5 45. Rxf5 Rxb2 46. Rf6+ Kc5 47. Rxh6 Rd2 48. Rf6 b2 49. Rf1 Kb4 0-1

[Event "Portoroz op 14th"]
[Site "Portoroz"]
[Date "2023.07.16"]
[Round "3"]
[White "Papler, Peter"]
[Black "Siraj, Svit"]
[Result "0-1"]
[WhiteElo "1727"]
[BlackElo "2009"]
[PlyCount "40"]
[EventDate "2023.07.15"]
[EventType "swiss"]
[EventRounds "9"]
[EventCountry "SLO"]
[SourceTitle "CBM 215 Extra"]
[Source "ChessBase"]
[SourceDate "2023.09.30"]
[SourceVersion "1"]
[SourceVersionDate "2023.09.30"]
[SourceQuality "1"]

1. d3 d5 2. Nf3 Nc6 3. Nbd2 e5 4. e4 Be6 5. c3 f6 6. Qc2 Qd7 7. Be2 0-0-0 8. 0-0 h5 9. Nh4 Nge7 10. b4 g5 11. Nhf3 Ng6 12. Nb3 g4 13. Ne1 f5 14. b5 Nb8 15. a4 dxe4 16. dxe4 f4 17. c4 Nh4 18. Bb2 f3 19. gxf3 gxf3 20. Nxf3 Qg7+ 0-1

[Event "Ljubljana-chT 75th"]
[Site "Ljubljana"]
[Date "2023.03.23"]
[Round "9.2"]
[White "Persl, Bojan"]
[Black "Siraj, Svit"]
[Result "1/2-1/2"]
[WhiteElo "2030"]
[BlackElo "2088"]
[PlyCount "88"]
[EventDate "2023.01.12"]
[EventType "team-swiss"]
[EventRounds "9"]
[EventCountry "SLO"]
[SourceTitle "EXT 2024"]
[Source "ChessBase"]
[SourceDate "2023.10.10"]
[SourceVersion "1"]
[SourceVersionDate "2023.10.10"]
[SourceQuality "1"]
[WhiteTeam "Ljubljana SK"]
[BlackTeam "Vrhnika"]
[WhiteTeamCountry "SLO"]
[BlackTeamCountry "SLO"]

1. e4 e5 2. Nf3 Nc6 3. Bb5 a6 4. Ba4 d6 5. c3 f5 6. d3 Nf6 7. Nbd2 Be7 8. 0-0 0-0 9. Re1 h6 10. Bb3+ Kh8 11. Nh4 Kh7 12. exf5 Ng8 13. Ng6 Rxf5 14. Nxe7 Ngxe7 15. d4 Rf8 16. dxe5 Nxe5 17. Bc2+ N7g6 18. Nf1 Kh8 19. f4 Bg4 20. Qd4 Nc6 21. Qa4 Qf6 22. Qe4 Bf5 23. Qxf5 Qxf5 24. Bxf5 Rxf5 25. g3 Rff8 26. Bd2 Rfe8 27. Ne3 Nge7 28. Re2 Kg8 29. Rae1 Kf7 30. Kg2 b5 31. h3 a5 32. Nc2 Nd5 33. Rxe8 Rxe8 34. Rxe8 Kxe8 35. Kf3 Nb6 36. Ke4 Na4 37. b3 Nc5+ 38. Ke3 a4 39. b4 Nd7 40. Nd4 Nxd4 41. Kxd4 Nb6 42. g4 Ke7 43. f5 Kf6 44. Bf4 Ke7 1/2-1/2

[Event "Nova Gorica op 27th"]
[Site "Nova Gorica"]
[Date "2023.03.22"]
[Round "8"]
[White "Garsky, Vladyslav"]
[Black "Siraj, Svit"]
[Result "1-0"]
[WhiteElo "2253"]
[BlackElo "1998"]
[PlyCount "88"]
[EventDate "2023.03.16"]
[EventType "swiss"]
[EventRounds "9"]
[EventCountry "SLO"]
[SourceTitle "CBM 213 Extra"]
[Source "ChessBase"]
[SourceDate "2023.05.31"]
[SourceVersion "1"]
[SourceVersionDate "2023.05.31"]
[SourceQuality "1"]

1. e4 e5 2. Nf3 Nc6 3. d4 exd4 4. c3 Nf6 5. e5 Ne4 6. Qe2 f5 7. cxd4 Bb4+ 8. Bd2 Nxd2 9. Nbxd2 Bxd2+ 10. Qxd2 d5 11. Bb5 Bd7 12. e6 Bxe6 13. Bxc6+ bxc6 14. Rc1 Qd6 15. Ne5 Bd7 16. 0-0 0-0 17. Qa5 Rfb8 18. b3 Rb5 19. Qa6 Be8 20. Nd3 Qf6 21. Ne5 Qd6 22. Nd3 Qf6 23. Qa4 c5 24. dxc5 Rxc5 25. Qf4 Rxc1 26. Rxc1 c6 27. Qc7 Qd8 28. Qe5 Qf6 29. Qxf6 gxf6 30. Nb4 Kf8 31. Rc2 d4 32. Kf1 Rc8 33. Rc5 Ke7 34. Ke2 Bd7 35. Nc2 Kd6 36. Ra5 c5 37. Na3 Rc7 38. Ra6+ Kd5 39. Rxf6 Be6 40. Nc4 Rf7 41. Rh6 Rb7 42. Nb2 Ke5 43. Nd3+ Kd6 44. Rxe6+ Kd5 1-0

[Event "Ljubljana-chT 75th"]
[Site "Ljubljana"]
[Date "2023.03.16"]
[Round "8.1"]
[White "Lah, Emil"]
[Black "Siraj, Svit"]
[Result "1/2-1/2"]
[WhiteElo "1951"]
[BlackElo "2088"]
[PlyCount "75"]
[EventDate "2023.01.12"]
[EventType "team-swiss"]
[EventRounds "9"]
[EventCountry "SLO"]
[SourceTitle "EXT 2024"]
[Source "ChessBase"]
[SourceDate "2023.10.10"]
[SourceVersion "1"]
[SourceVersionDate "2023.10.10"]
[SourceQuality "1"]
[WhiteTeam "Trzin Buscotrade"]
[BlackTeam "Vrhnika"]
[WhiteTeamCountry "SLO"]
[BlackTeamCountry "SLO"]

1. e4 e5 2. Nf3 Nc6 3. Bc4 Bc5 4. c3 Nf6 5. d3 d6 6. Bg5 0-0 7. 0-0 Bb6 8. Nbd2 Re8 9. h3 h6 10. Be3 Ne7 11. Bxb6 axb6 12. Re1 Ng6 13. Qb3 Re7 14. d4 c6 15. dxe5 dxe5 16. Rad1 b5 17. Bf1 Qc7 18. a3 Be6 19. Qc2 Rd8 20. c4 bxc4 21. Nxc4 Rxd1 22. Rxd1 Bxc4 23. Bxc4 Nf4 24. Kh2 Qc8 25. Bf1 g5 26. g3 Ng6 27. Ne1 Nd7 28. Be2 Nf6 29. Ng2 Rd7 30. Ne3 Rxd1 31. Bxd1 Qd7 32. Bf3 Ne8 33. Nf5 Kh7 34. Kg2 Ng7 35. Ne3 Ne6 36. Nf5 Ng7 37. Ne3 Ne6 38. Nf5 1/2-1/2

[Event "Palmanova op 11th"]
[Site "Palmanova"]
[Date "2022.12.11"]
[Round "6"]
[White "Siraj, Svit"]
[Black "Bardone, Lorenzo"]
[Result "1/2-1/2"]
[WhiteElo "2087"]
[BlackElo "2215"]
[PlyCount "68"]
[EventDate "2022.12.08"]
[EventType "swiss"]
[EventRounds "6"]
[EventCountry "ITA"]
[SourceTitle "CBM 211 Extra"]
[Source "ChessBase"]
[SourceDate "2023.01.31"]
[SourceVersion "1"]
[SourceVersionDate "2023.01.31"]
[SourceQuality "1"]

1. e4 c6 2. d4 d5 3. exd5 cxd5 4. Bf4 Nc6 5. Nf3 Bf5 6. c3 Nf6 7. Nbd2 e6 8. Ne5 Be7 9. Be2 Nd7 10. Nxc6 bxc6 11. b4 a5 12. a3 0-0 13. 0-0 f6 14. Bg4 Bxg4 15. Qxg4 e5 16. dxe5 fxe5 17. Qe6+ Kh8 18. Bxe5 Nxe5 19. Qxe5 Bf6 20. Qg3 axb4 21. axb4 Rxa1 22. Rxa1 Bh4 23. Qd3 Bxf2+ 24. Kh1 Bh4 25. Nb3 Qc8 26. Nd4 Bf6 27. Rc1 Re8 28. Nf3 Qg4 29. b5 cxb5 30. Qxb5 Rd8 31. Rd1 Qc4 32. Qxc4 dxc4 33. Rxd8+ Bxd8 34. Ne5 Bf6 1/2-1/2

[Event "Palmanova op 11th"]
[Site "Palmanova"]
[Date "2022.12.09"]
[Round "3"]
[White "Neuschmied, Siegfried"]
[Black "Siraj, Svit"]
[Result "1-0"]
[WhiteElo "2269"]
[BlackElo "2087"]
[PlyCount "95"]
[EventDate "2022.12.08"]
[EventType "swiss"]
[EventRounds "6"]
[EventCountry "ITA"]
[SourceTitle "CBM 211 Extra"]
[Source "ChessBase"]
[SourceDate "2023.01.31"]
[SourceVersion "1"]
[SourceVersionDate "2023.01.31"]
[SourceQuality "1"]

1. e4 e5 2. Nf3 Nc6 3. Bb5 a6 4. Ba4 d6 5. c3 Bd7 6. 0-0 g6 7. d4 Bg7 8. Be3 b5 9. Bc2 Nf6 10. h3 0-0 11. Nbd2 Rc8 12. a3 Re8 13. Re1 Na5 14. dxe5 dxe5 15. b4 Nb7 16. a4 c5 17. axb5 axb5 18. Ra7 Bc6 19. bxc5 Bf8 20. Qa1 Bxc5 21. Bxc5 Nxc5 22. Qa3 Qb6 23. Qa2 Rc7 24. Ra3 Rd7 25. Qb1 Red8 26. Nc4 Qc7 27. Ncxe5 Re7 28. Nxc6 Qxc6 29. e5 Nfd7 30. Ra5 Rde8 31. Qxb5 Qc7 32. Raa1 Kf8 33. Qa5 Nxe5 34. Nxe5 Qxa5 35. Rxa5 Rxe5 36. Rxe5 Rxe5 37. Kf1 g5 38. Bxh7 f5 39. g4 f4 40. Kg2 Kg7 41. Bf5 Kf6 42. Rb5 Na4 43. Rxe5 Kxe5 44. c4 Nb2 45. c5 Kd5 46. h4 gxh4 47. g5 Ke5 48. g6 1-0

[Event "SLO-chT Central 23rd"]
[Site "Slovenia"]
[Date "2022.11.03"]
[Round "7.2"]
[White "Siraj, Svit"]
[Black "Osolin, Bogdan"]
[Result "1-0"]
[WhiteElo "2153"]
[BlackElo "1974"]
[PlyCount "85"]
[EventDate "2022.09.15"]
[EventType "team-swiss"]
[EventRounds "9"]
[EventCountry "SLO"]
[SourceTitle "EXT 2024"]
[Source "ChessBase"]
[SourceDate "2023.10.10"]
[SourceVersion "1"]
[SourceVersionDate "2023.10.10"]
[SourceQuality "1"]
[WhiteTeam "Vrhnika"]
[BlackTeam "Domzale SD"]
[WhiteTeamCountry "SLO"]
[BlackTeamCountry "SLO"]

1. e4 g6 2. d4 Nf6 3. Bd3 d5 4. e5 Nh5 5. f4 Ng7 6. Nf3 Bg4 7. h3 Bf5 8. Bxf5 Nxf5 9. e6 f6 10. 0-0 Qd6 11. Re1 h5 12. b3 Bh6 13. c4 c6 14. Nc3 Na6 15. c5 Nxc5 16. Ba3 b6 17. dxc5 Qxf4 18. Bc1 Qb4 19. Na4 b5 20. a3 Qa5 21. Bxh6 bxa4 22. b4 Qb5 23. Bf4 g5 24. Bh2 a5 25. Qc2 g4 26. Qxf5 gxf3 27. Qg6+ Kd8 28. Qg7 Re8 29. Qf7 f2+ 30. Kxf2 axb4 31. Bd6 Ra7 32. axb4 a3 33. Rxa3 Rxa3 34. Bxe7+ Rxe7 35. Qf8+ Re8 36. Qd6+ Kc8 37. Qd7+ Kb8 38. Qxe8+ Kb7 39. Qd7+ Ka6 40. Qc8+ Ka7 41. Qc7+ Ka6 42. Qb6+ Qxb6 43. cxb6 1-0

[Event "SLO-chT1 West"]
[Site "Slovenia"]
[Date "2022.10.08"]
[Round "2.5"]
[White "Siraj, Svit"]
[Black "Cop, Jaka"]
[Result "1-0"]
[WhiteElo "2065"]
[BlackElo "1916"]
[PlyCount "79"]
[EventDate "2022.10.07"]
[EventType "team-tourn"]
[EventRounds "9"]
[EventCountry "SLO"]
[SourceTitle "CBM 210 Extra"]
[Source "ChessBase"]
[SourceDate "2022.11.30"]
[SourceVersion "1"]
[SourceVersionDate "2022.11.30"]
[SourceQuality "1"]
[WhiteTeam "Vrhnika"]
[BlackTeam "Ig"]
[WhiteTeamCountry "SLO"]
[BlackTeamCountry "SLO"]

1. e4 c5 2. Nf3 Nc6 3. Bb5 e6 4. 0-0 Nge7 5. Re1 a6 6. Bf1 Ng6 7. c3 d6 8. d4 e5 9. Nbd2 Be7 10. Nc4 cxd4 11. cxd4 Bg4 12. d5 Nd4 13. Be3 Bxf3 14. gxf3 b5 15. Na3 0-0 16. Bxd4 exd4 17. Nc2 Bg5 18. Nxd4 Bf4 19. Ne2 Be5 20. Qb3 f5 21. Ng3 fxe4 22. fxe4 Qf6 23. Re2 Nh4 24. Bg2 Qg5 25. Kh1 Rac8 26. Qd1 Rf7 27. Bh3 Qf4 28. Rd2 Nf3 29. Bxc8 Nxd2 30. Be6 Bxb2 31. Bxf7+ Qxf7 32. Qxd2 Bxa1 33. f4 g6 34. Qc1 Bd4 35. Qc8+ Kg7 36. Ne2 Be3 37. Qc3+ Qf6 38. Qxe3 Qa1+ 39. Nc1 a5 40. e5 1-0

[Event "SLO-chT Central 23rd"]
[Site "Slovenia"]
[Date "2022.09.29"]
[Round "2.1"]
[White "Siraj, Svit"]
[Black "Coklin, Marko"]
[Result "0-1"]
[WhiteElo "2153"]
[BlackElo "2159"]
[PlyCount "78"]
[EventDate "2022.09.15"]
[EventType "team-swiss"]
[EventRounds "9"]
[EventCountry "SLO"]
[SourceTitle "EXT 2024"]
[Source "ChessBase"]
[SourceDate "2023.10.10"]
[SourceVersion "1"]
[SourceVersionDate "2023.10.10"]
[SourceQuality "1"]
[WhiteTeam "Vrhnika"]
[BlackTeam "Trzin Buscotrade"]
[WhiteTeamCountry "SLO"]
[BlackTeamCountry "SLO"]

1. e4 c5 2. Nf3 Nc6 3. Bb5 g6 4. 0-0 Bg7 5. Re1 e5 6. c3 Nge7 7. d3 a6 8. Ba4 b5 9. Bc2 d5 10. exd5 Qxd5 11. d4 cxd4 12. Be4 Qd6 13. cxd4 Ra7 14. d5 Rd7 15. Nc3 Nd4 16. Nxd4 exd4 17. Ne2 0-0 18. Bf4 Qf6 19. d6 Nf5 20. Bxf5 Qxf5 21. Qd2 Qd5 22. Rad1 Bb7 23. f3 Rxd6 24. Bxd6 Qxd6 25. Nxd4 Be5 26. g3 Qf6 27. Qe3 Re8 28. Qf2 Rc8 29. Rd3 Rd8 30. Red1 Bc7 31. Nb3 Rxd3 32. Rxd3 Bb6 33. Nd4 h5 34. h3 g5 35. g4 h4 36. Qd2 Qe5 37. Kf1 Kh7 38. Nf5 Qc5 39. Qxg5 Qf2# 0-1

[Event "SLO-chT Central 23rd"]
[Site "Slovenia"]
[Date "2022.09.15"]
[Round "1.2"]
[White "Siraj, Svit"]
[Black "Marinko, Peter"]
[Result "0-1"]
[WhiteElo "2153"]
[BlackElo "2035"]
[PlyCount "92"]
[EventDate "2022.09.15"]
[EventType "team-swiss"]
[EventRounds "9"]
[EventCountry "SLO"]
[SourceTitle "EXT 2024"]
[Source "ChessBase"]
[SourceDate "2023.10.10"]
[SourceVersion "1"]
[SourceVersionDate "2023.10.10"]
[SourceQuality "1"]
[WhiteTeam "Vrhnika"]
[BlackTeam "Ljubljana SK"]
[WhiteTeamCountry "SLO"]
[BlackTeamCountry "SLO"]

1. e4 e5 2. Nf3 Nc6 3. Nc3 Nf6 4. Bb5 Bc5 5. 0-0 0-0 6. Nxe5 Re8 7. Nf3 Nxe4 8. Nxe4 Rxe4 9. d3 Re8 10. d4 Bf8 11. d5 Ne5 12. Nxe5 Rxe5 13. Bf4 Rf5 14. Bg3 c6 15. Bd3 Rxd5 16. c4 Ra5 17. a3 c5 18. Be4 d6 19. Qd3 g6 20. Rab1 Rb8 21. b4 cxb4 22. axb4 Ra6 23. b5 Ra4 24. c5 Rxe4 25. Qxe4 Bf5 26. Qe3 Bxb1 27. Rxb1 Qf6 28. Rd1 Rd8 29. Qd3 d5 30. Qc2 d4 31. Qe4 Bxc5 32. Qxb7 Qe6 33. Qf3 d3 34. h3 Qd7 35. Bh4 Re8 36. Rxd3 Qxb5 37. Bf6 a5 38. Bc3 Bb4 39. Bb2 Bd6 40. g3 Qxb2 41. Rxd6 Re1+ 42. Kg2 Qe2 43. Rd8+ Kg7 44. Qf4 Qf1+ 45. Kf3 Qh1+ 46. Kg4 Re4 0-1

[Event "Trieste op 24th"]
[Site "Trieste"]
[Date "2022.09.03"]
[Round "1"]
[White "Siraj, Svit"]
[Black "Kovchan, Alexander"]
[Result "0-1"]
[WhiteElo "2153"]
[BlackElo "2475"]
[PlyCount "58"]
[EventDate "2022.09.03"]
[EventType "swiss"]
[EventRounds "9"]
[EventCountry "ITA"]
[SourceTitle "CBM 210 Extra"]
[Source "ChessBase"]
[SourceDate "2022.11.30"]
[SourceVersion "1"]
[SourceVersionDate "2022.11.30"]
[SourceQuality "1"]

1. e4 c5 2. Nf3 d6 3. c3 Nf6 4. h3 g6 5. Bd3 Bg7 6. 0-0 0-0 7. Bc2 Nc6 8. Re1 e5 9. d4 exd4 10. cxd4 cxd4 11. Nxd4 Nxd4 12. Qxd4 Re8 13. Qd3 d5 14. Nc3 Nxe4 15. Nxe4 Bf5 16. Bg5 Qa5 17. b4 dxe4 18. Qb3 Qe5 19. Rad1 Rac8 20. Be3 Qc7 21. Bb1 Be6 22. Qa4 f5 23. Rc1 Qe5 24. Qxa7 Rxc1 25. Rxc1 f4 26. Bc5 e3 27. fxe3 f3 28. Qxb7 Qb2 29. Qxg7+ Qxg7 0-1

[Event "Hum na Sutli op 14th"]
[Site "Hum na Sutli"]
[Date "2022.08.25"]
[Round "8"]
[White "Siraj, Svit"]
[Black "Kodric, Gasper"]
[Result "1-0"]
[WhiteElo "1876"]
[BlackElo "1901"]
[PlyCount "97"]
[EventDate "2022.08.20"]
[EventType "swiss"]
[EventRounds "9"]
[EventCountry "CRO"]
[SourceTitle "CBM 210 Extra"]
[Source "ChessBase"]
[SourceDate "2022.11.30"]
[SourceVersion "1"]
[SourceVersionDate "2022.11.30"]
[SourceQuality "1"]

1. d4 d5 2. Bf4 Nf6 3. e3 c5 4. Nd2 Nc6 5. c3 e6 6. Bd3 Bd6 7. Bg3 0-0 8. Ngf3 b6 9. Ne5 Qc7 10. f4 Bb7 11. h4 Ne4 12. Bh2 Ne7 13. g4 f6 14. Nec4 dxc4 15. Bxe4 Bxe4 16. Nxe4 Qc6 17. Qf3 cxd4 18. cxd4 f5 19. gxf5 exf5 20. Ng5 Qxf3 21. Nxf3 Nd5 22. Ke2 Rac8 23. Rhc1 Rc7 24. Bg3 Rfc8 25. Be1 c3 26. Bxc3 Bb4 27. Bd2 Bxd2 28. Rxc7 Rxc7 29. Kxd2 Nb4 30. Ne1 Rc6 31. a3 Nd5 32. Nf3 b5 33. Ne5 Rc7 34. Nd3 Re7 35. Rc1 h6 36. Rc8+ Kh7 37. Ne5 g6 38. Rc5 Nc7 39. d5 Rg7 40. d6 Ne6 41. d7 Rg8 42. Rc8 Nd8 43. Kd3 g5 44. fxg5 hxg5 45. hxg5 Kg7 46. Kd4 b4 47. Kd5 bxa3 48. bxa3 Kh8 49. Rxd8 1-0

[Event "Hum na Sutli op 14th"]
[Site "Hum na Sutli"]
[Date "2022.08.24"]
[Round "7"]
[White "Mufic, Goran"]
[Black "Siraj, Svit"]
[Result "0-1"]
[WhiteElo "2189"]
[BlackElo "1876"]
[PlyCount "108"]
[EventDate "2022.08.20"]
[EventType "swiss"]
[EventRounds "9"]
[EventCountry "CRO"]
[SourceTitle "CBM 210 Extra"]
[Source "ChessBase"]
[SourceDate "2022.11.30"]
[SourceVersion "1"]
[SourceVersionDate "2022.11.30"]
[SourceQuality "1"]

1. d4 Nf6 2. Nf3 d5 3. e3 e6 4. Bd3 c5 5. c3 Bd6 6. 0-0 0-0 7. Nbd2 b6 8. e4 dxe4 9. Nxe4 Bb7 10. Bg5 Be7 11. Bxf6 gxf6 12. dxc5 bxc5 13. Qe2 f5 14. Ng3 Bd6 15. Rad1 Qf6 16. Rfe1 Rd8 17. Ne5 Bc7 18. Bc2 Rxd1 19. Bxd1 Bxe5 20. Qxe5 Qxe5 21. Rxe5 Bd5 22. c4 Nd7 23. Re1 Bxc4 24. Bf3 Rb8 25. b3 Ba6 26. Rc1 Bb7 27. Be2 Bc6 28. Nf1 a5 29. Nd2 a4 30. f3 Bd5 31. Bc4 axb3 32. axb3 Kf8 33. Kf2 Ke7 34. g3 Kd6 35. f4 Nf6 36. h3 Ne4+ 37. Nxe4+ fxe4 38. f5 Bxc4 39. bxc4 exf5 40. Rd1+ Ke6 41. Rd5 Rb2+ 42. Kf1 Rb3 43. Kg2 Rf3 44. Rxc5 f4 45. gxf4 Rxf4 46. Rc8 f5 47. Rc6+ Ke5 48. Rh6 e3 49. Rxh7 Rf2+ 50. Kg1 Kf4 51. Rh4+ Kg3 52. Rh5 f4 53. Ra5 e2 54. Ra1 f3 0-1

[Event "Hum na Sutli op 14th"]
[Site "Hum na Sutli"]
[Date "2022.08.23"]
[Round "6"]
[White "Siraj, Svit"]
[Black "Centrih, Aleks"]
[Result "1-0"]
[WhiteElo "1876"]
[BlackElo "2042"]
[PlyCount "77"]
[EventDate "2022.08.20"]
[EventType "swiss"]
[EventRounds "9"]
[EventCountry "CRO"]
[SourceTitle "CBM 210 Extra"]
[Source "ChessBase"]
[SourceDate "2022.11.30"]
[SourceVersion "1"]
[SourceVersionDate "2022.11.30"]
[SourceQuality "1"]

1. e4 e5 2. Nf3 Nc6 3. Nc3 Nf6 4. Bb5 Bb4 5. 0-0 0-0 6. d3 d6 7. Bg5 Bxc3 8. bxc3 Qe7 9. Re1 h6 10. Bc1 Bg4 11. Qe2 Nb8 12. d4 Nbd7 13. h3 Bxf3 14. Qxf3 a6 15. Bf1 Rfe8 16. g3 exd4 17. cxd4 c5 18. c3 d5 19. e5 Ne4 20. Rxe4 dxe4 21. Qxe4 cxd4 22. cxd4 Nf8 23. Be3 Rad8 24. f4 f6 25. Re1 Kh8 26. Bf2 fxe5 27. fxe5 Ne6 28. h4 Qd7 29. Bd3 Nf8 30. Bc4 Ne6 31. d5 Nf8 32. e6 Qd6 33. e7 Rc8 34. Bd3 g6 35. exf8R+ Rxf8 36. Qe6 Qxe6 37. dxe6 Kh7 38. e7 Rfe8 39. Re6 1-0

[Event "Solta op 5th"]
[Site "Grohote"]
[Date "2022.07.09"]
[Round "8"]
[White "Siraj, Svit"]
[Black "Bender, Ivan"]
[Result "0-1"]
[WhiteElo "1780"]
[BlackElo "2252"]
[PlyCount "96"]
[EventDate "2022.07.02"]
[EventType "swiss"]
[EventRounds "9"]
[EventCountry "CRO"]
[SourceTitle "EXT 2023"]
[Source "ChessBase"]
[SourceDate "2022.10.05"]
[SourceVersion "1"]
[SourceVersionDate "2022.10.05"]
[SourceQuality "1"]

1. e4 e5 2. Nf3 Nc6 3. Bb5 a6 4. Ba4 Nf6 5. d3 d6 6. h3 b5 7. Bb3 Na5 8. 0-0 h6 9. Re1 Be7 10. c4 c5 11. Nc3 Be6 12. cxb5 Nxb3 13. axb3 axb5 14. Rxa8 Qxa8 15. Nxb5 Qb7 16. Na3 Bxb3 17. Qe2 Be6 18. Nd2 0-0 19. Ndc4 Re8 20. f4 exf4 21. Bxf4 Qc6 22. e5 dxe5 23. Nxe5 Qd5 24. Nac4 Bf8 25. Qf3 Qxf3 26. Nxf3 Nd5 27. Bd2 Rd8 28. Nfe5 Nb4 29. Re3 Nxd3 30. Rxd3 Rxd3 31. Nxd3 Bxc4 32. Ne5 Be6 33. Bc3 f6 34. Nf3 Bd5 35. Ne1 Kf7 36. Kf2 h5 37. Nd3 Bc4 38. Nf4 h4 39. Ke3 g5 40. Nd3 Ke6 41. Ne1 Bd6 42. Nf3 Bd5 43. Ne1 Bf4+ 44. Kd3 Bg3 45. Nf3 Bxf3 46. gxf3 Be5 47. Bxe5 Kxe5 48. Kc4 f5 0-1